| 000 | 00623nam a2200169Ia 4500 | ||
|---|---|---|---|
| 999 |
_c22479 _d22479 |
||
| 082 | _aTS.0857 | ||
| 100 | _aSrinivasulu, C. | ||
| 245 | 0 | _aUnionisation of agricultural labour : A case study of Andhra Pradesh | |
| 260 |
_c1994 _bDr. Baba Saheb Ambedkar Marathwada University |
||
| 300 | _a380p. | ||
| 650 | _aAGRICULTURAL LABOURERS - HISTORY - ANDHRA PRADESH | ||
| 650 | _aAGRICULTURAL LABOURERS - ANDHRA PRADESH | ||
| 650 | _aTRADE UNIONS - AGRICULTURAL LABOURERS - ANDHRA PRADESH | ||
| 650 | _aAGRICULTURAL LABOURERS - TRADE UNIONS//TRADE UNIONS - AGRICULTURAL LABOURERS | ||
| 710 | _aTupe, S.D. | ||
| 942 |
_cTH _2ddc |
||